[Event "WYCC-U18"]
[Site "Antalya TUR"]
[Date "2009.11.15"]
[Round "4.7"]
[White "Salem, AR Saleh"]
[Black "Hansen, Eric"]
[Result "0-1"]
[WhiteElo "2472"]
[BlackElo "2409"]
[PlyCount "148"]
[GameId "2129405082246820"]
[EventDate "2009.11.12"]
[EventType "swiss"]
[EventRounds "11"]
[EventCountry "TUR"]

1. d4 Nf6 2. c4 g6 3. Nc3 d5 4. Bg5 Ne4 5. Bh4 Nxc3 6. bxc3 Bg7 7. e3 c5 8. cxd5 Qxd5 9. Nf3 Nc6 10. Be2 O-O 11. O-O cxd4 12. cxd4 b6 13. Qa4 Bb7 14. Rfd1 Rac8 15. Rac1 e6 16. Ne1 Qa5 17. Bb5 Qxa4 18. Bxa4 Nb4 19. Bd7 Rxc1 20. Rxc1 Nxa2 21. Rc7 Rb8 22. Nd3 Be4 23. Ne5 Bxe5 24. dxe5 a5 25. Be7 Nb4 26. Bd6 Na6 27. Rc1 Rd8 28. f3 Bd5 29. Be7 Ra8 30. e4 Bb3 31. Rb1 a4 32. Bc6 Rc8 33. Bb5 Nc5 34. Ra1 Ra8 35. Bc6 Ra7 36. Bd8 Nd3 37. Bb5 Nb4 38. Bxb6 Rb7 39. Bxa4 Nc2 40. Rc1 Bxa4 41. Bc5 Kg7 42. h4 g5 43. hxg5 Kg6 44. Kh2 Kxg5 45. Kg3 h5 46. Rh1 Rb2 47. Be7+ Kg6 48. Bc5 Nb4 49. Ra1 Ra2 50. Rxa2 Nxa2 51. Kf4 Nc1 52. Ke3 Bb5 53. Be7 Nd3 54. Bf6 Ba6 55. g3 Nb4 56. Be7 Nc6 57. Bf6 Kh7 58. Kd2 Kg8 59. Ke3 Kf8 60. Kf2 Ke8 61. Ke3 Kd7 62. Bg7 Kc7 63. Kd2 Kb6 64. Ke3 Ka5 65. Kd2 Ka4 66. Ke3 Kb3 67. Kd2 Kc4 68. Ke3 Kc3 69. Bf8 Nb4 70. Be7 Nc2+ 71. Kf2 Kd3 72. Bg5 Bb5 73. Bh6 Ba4 74. Bg5 Nd4 0-1

[Event "WYCC-U18"]
[Site "Antalya TUR"]
[Date "2009.11.16"]
[Round "6.10"]
[White "Bebel, Arkadiusz"]
[Black "Hansen, Eric"]
[Result "1/2-1/2"]
[WhiteElo "2275"]
[BlackElo "2409"]
[PlyCount "111"]
[GameId "2129405082251017"]
[EventDate "2009.11.12"]
[EventType "swiss"]
[EventRounds "11"]
[EventCountry "TUR"]

1. e4 e6 2. d4 d5 3. Nd2 Nf6 4. e5 Nfd7 5. Bd3 c5 6. c3 Nc6 7. Ne2 cxd4 8. cxd4 f6 9. exf6 Nxf6 10. O-O Bd6 11. Nf3 Qc7 12. g3 O-O 13. Bf4 Ne4 14. Bxe4 dxe4 15. Ng5 Bxf4 16. Nxf4 Qd6 17. Nxe4 Qxd4 18. Qe2 e5 19. Rad1 Qa4 20. b3 Qa5 21. Nd5 Bh3 22. Rfe1 Kh8 23. Ng5 Bf5 24. b4 Qd8 25. h4 h6 26. b5 Ne7 27. Ne3 Qb6 28. Nf3 e4 29. Ne5 Qc5 30. Qb2 Rac8 31. Rd2 Be6 32. Rc2 Qb6 33. Rxc8 Rxc8 34. Qb4 Qc5 35. Qxe4 Qxb5 36. Nd3 Rc7 37. a4 Qc6 38. Qb4 Qc3 39. Qb1 Qb3 40. Ne5 Qxb1 41. Rxb1 b6 42. h5 Rc5 43. f4 Nc6 44. Ng6+ Kg8 45. f5 Bxf5 46. Nxf5 Rxf5 47. g4 Rg5 48. Rf1 Rxg4+ 49. Kh2 Rxg6 50. hxg6 Ne5 51. Rc1 Nxg6 52. Rc7 Ne5 53. Rxa7 Nd3 54. Rd7 Nc5 55. Rd4 Kf7 56. Rb4 1/2-1/2

[Event "WYCC-U18"]
[Site "Antalya TUR"]
[Date "2009.11.18"]
[Round "7.6"]
[White "Hansen, Eric"]
[Black "Ter Sahakian, Samuel"]
[Result "0-1"]
[WhiteElo "2409"]
[BlackElo "2512"]
[PlyCount "147"]
[GameId "2129405082251063"]
[EventDate "2009.11.12"]
[EventType "swiss"]
[EventRounds "11"]
[EventCountry "TUR"]

1. d4 d5 2. c4 c6 3. Nf3 Nf6 4. e3 e6 5. b3 Bd6 6. Bd3 O-O 7. Bb2 Ne4 8. O-O Nd7 9. Qc2 f5 10. Ba3 Qe7 11. Bxd6 Qxd6 12. Qb2 b6 13. Ne5 Nxe5 14. dxe5 Qe7 15. cxd5 exd5 16. b4 f4 17. exf4 Rxf4 18. g3 Rf3 19. Be2 Rf7 20. f3 Bh3 21. fxe4 Bxf1 22. Bxf1 Qg5 23. Qc3 Raf8 24. Bg2 d4 25. Qd2 Qxe5 26. Qd3 a5 27. bxa5 Qxa5 28. Nd2 c5 29. Nc4 Qc3 30. Qxc3 dxc3 31. Rc1 Rd7 32. e5 b5 33. Nd6 b4 34. Bc6 Re7 35. Bd5+ Kh8 36. e6 g6 37. Ne4 Kg7 38. Bb3 Rf5 39. Rd1 Re5 40. Nf2 Re2 41. Nd3 Rd2 42. Rxd2 cxd2 43. Nb2 Re8 44. Kf2 Kf6 45. Ke2 Rd8 46. Nc4 d1=Q+ 47. Bxd1 Kxe6 48. Bb3 Rf8 49. Ke3 Kd5 50. h4 Re8+ 51. Kd3 Re1 52. Nd2+ Kc6 53. Nf3 Rc1 54. Ne5+ Kb6 55. Ke4 Rc3 56. g4 Rh3 57. h5 gxh5 58. g5 Rg3 59. Kf4 Rg1 60. Bg8 h4 61. Nf3 h3 62. Bxh7 c4 63. Be4 Rg2 64. Ne5 c3 65. Nc4+ Kc5 66. Ne3 Rg1 67. Ng4 Rxg4+ 68. Kxg4 h2 69. g6 c2 70. Bxc2 h1=Q 71. Bb3 Kd6 72. Bf7 Ke7 73. Kf4 Kf6 74. Ke3 0-1

[Event "WYCC-U18"]
[Site "Antalya TUR"]
[Date "2009.11.19"]
[Round "8.16"]
[White "Pavlidis, Anastasios"]
[Black "Hansen, Eric"]
[Result "1/2-1/2"]
[WhiteElo "2300"]
[BlackElo "2409"]
[PlyCount "58"]
[GameId "2129405082251123"]
[EventDate "2009.11.12"]
[EventType "swiss"]
[EventRounds "11"]
[EventCountry "TUR"]

1. e4 c5 2. Nf3 d6 3. d4 cxd4 4. Nxd4 Nf6 5. Nc3 Nc6 6. Bg5 Bd7 7. Be2 e6 8. O-O a6 9. a4 Rc8 10. Nb3 Be7 11. f4 Qc7 12. Qd3 O-O 13. Rad1 Rfd8 14. Bxf6 Bxf6 15. Qxd6 Qb6+ 16. Kh1 Be8 17. Qa3 Rxd1 18. Nxd1 Qb4 19. Qxb4 Nxb4 20. c3 Bxa4 21. Na5 b6 22. cxb4 bxa5 23. bxa5 Rc5 24. e5 Be7 25. Nc3 Bc6 26. Ra1 Bd8 27. Bxa6 Bxa5 28. Bb5 Bxc3 29. Bxc6 g5 1/2-1/2

[Event "WYCC-U18"]
[Site "Antalya TUR"]
[Date "2009.11.21"]
[Round "10.19"]
[White "Wageih, Kareim"]
[Black "Hansen, Eric"]
[Result "0-1"]
[WhiteElo "2324"]
[BlackElo "2409"]
[PlyCount "52"]
[GameId "2129405082251225"]
[EventDate "2009.11.12"]
[EventType "swiss"]
[EventRounds "11"]
[EventCountry "TUR"]

1. d4 Nf6 2. Nf3 g6 3. c4 Bg7 4. Nc3 d5 5. Bf4 O-O 6. e3 c5 7. dxc5 Qa5 8. Qa4 Qxc5 9. O-O-O Be6 10. Nd4 Bd7 11. Qb3 Nc6 12. Nxc6 bxc6 13. Kb1 Bf5+ 14. Ka1 e5 15. Bg3 Rab8 16. Qa4 d4 17. exd4 exd4 18. Nb1 Rb4 19. Qa3 Ne4 20. Bd3 Nc3 21. Nxc3 dxc3 22. Bd6 Qxd6 23. Bxf5 Qc5 24. Bd3 Rfb8 25. Bc2 Qxf2 26. Bb3 Qf5 0-1

[Event "WYCC-U18"]
[Site "Antalya TUR"]
[Date "2009.11.22"]
[Round "11.15"]
[White "Hansen, Eric"]
[Black "Shreyansh, Daklia"]
[Result "1-0"]
[WhiteElo "2409"]
[BlackElo "2236"]
[PlyCount "53"]
[GameId "2129405082255367"]
[EventDate "2009.11.12"]
[EventType "swiss"]
[EventRounds "11"]
[EventCountry "TUR"]

1. d4 d5 2. c4 c6 3. Nf3 Nf6 4. e3 Bg4 5. Nc3 e6 6. h3 Bxf3 7. Qxf3 Nbd7 8. Bd2 Bd6 9. O-O-O O-O 10. g4 Bb4 11. Kb1 Bxc3 12. Bxc3 a5 13. Bd3 dxc4 14. Bxc4 b5 15. Bd3 Nd5 16. Bd2 Qb6 17. e4 Nb4 18. Be2 c5 19. a3 Nc6 20. dxc5 Nxc5 21. Be3 b4 22. a4 e5 23. Rd6 Rad8 24. Rhd1 Rxd6 25. Rxd6 Qc7 26. Bxc5 Nd4 27. Rxd4 1-0

[Event "World op"]
[Site "Philadelphia USA"]
[Date "2009.07.02"]
[Round "4"]
[White "Hansen, Eric"]
[Black "Kraai, Jesse"]
[Result "1/2-1/2"]
[WhiteElo "2398"]
[BlackElo "2488"]
[PlyCount "104"]
[GameId "2129405086501159"]
[EventDate "2009.06.29"]
[EventType "swiss"]
[EventRounds "9"]
[EventCountry "USA"]
[SourceTitle "The Week in Chess 765"]
[Source "Mark Crowther"]
[SourceDate "2009.07.06"]
[SourceVersion "1"]
[SourceVersionDate "2009.07.06"]
[SourceQuality "2"]

1. d4 e6 2. c4 Nf6 3. Nf3 b6 4. g3 Ba6 5. Qc2 c5 6. Bg2 Nc6 7. Qa4 Bb7 8. dxc5 bxc5 9. O-O Qb6 10. Rd1 Be7 11. Nc3 O-O 12. Bf4 Rfd8 13. Qb5 d5 14. Na4 Qxb5 15. cxb5 Nb8 16. Ne5 a6 17. Rac1 axb5 18. Nxc5 Bc8 19. a3 Bxc5 20. Rxc5 Nbd7 21. Nxd7 Bxd7 22. Rdc1 Rdc8 23. Rxc8+ Rxc8 24. Rxc8+ Bxc8 25. Bd6 Ne4 26. Bb4 f5 27. f3 Nf6 28. Kf2 Kf7 29. Bc3 Nd7 30. e4 dxe4 31. fxe4 Nc5 32. exf5 exf5 33. Ke3 Ne4 34. Be5 g6 35. Kd4 Ke6 36. Bf4 Bd7 37. h4 Bc6 38. Bf1 Bd7 39. Be2 h6 40. Bf3 g5 41. Be5 Nf6 42. Bd1 Be8 43. b3 Nh5 44. a4 bxa4 45. bxa4 f4 46. gxf4 Nxf4 47. a5 Bb5 48. Bg4+ Ke7 49. h5 Bf1 50. Bh8 Kd6 51. Be5+ Kc6 52. Bf6 Be2 1/2-1/2

[Event "World op"]
[Site "Philadelphia USA"]
[Date "2009.07.03"]
[Round "5"]
[White "Greanias, Steve"]
[Black "Hansen, Eric"]
[Result "0-1"]
[WhiteElo "2149"]
[BlackElo "2398"]
[PlyCount "110"]
[GameId "2129405086501178"]
[EventDate "2009.06.29"]
[EventType "swiss"]
[EventRounds "9"]
[EventCountry "USA"]
[SourceTitle "The Week in Chess 765"]
[Source "Mark Crowther"]
[SourceDate "2009.07.06"]
[SourceVersion "1"]
[SourceVersionDate "2009.07.06"]
[SourceQuality "2"]

1. c4 g6 2. Nf3 Bg7 3. g3 Nf6 4. Bg2 O-O 5. O-O c6 6. d4 d6 7. Nc3 Nbd7 8. e4 e5 9. h3 Re8 10. Re1 a6 11. b3 b5 12. d5 cxd5 13. cxd5 Qa5 14. Bd2 Nc5 15. Na4 Qc7 16. Nxc5 dxc5 17. Qc2 Bd7 18. Rac1 Rac8 19. Bf1 Nh5 20. Be3 Bf8 21. Qd2 Ng7 22. Red1 Bd6 23. Bxc5 Bxc5 24. b4 Bxf2+ 25. Kxf2 Qd6 26. Rxc8 Rxc8 27. Qb2 Qb6+ 28. Kg2 Qe3 29. Qe2 Qxe2+ 30. Bxe2 f6 31. Rd2 Ne8 32. g4 g5 33. Ne1 Nd6 34. Bd3 Rc1 35. Kf2 h5 36. gxh5 Bxh3 37. Rc2 Rxc2+ 38. Nxc2 Bg4 39. h6 Kh7 40. Ke3 Bc8 41. Ne1 Kxh6 42. Be2 g4 43. Nd3 Kg5 44. Nc5 Kh4 45. Kf2 Kh3 46. Kg1 Kg3 47. a4 bxa4 48. Nxa4 Nxe4 49. Nc5 Nc3 50. Bc4 e4 51. d6 e3 52. d7 Bxd7 53. Nxd7 e2 54. Bxe2 Nxe2+ 55. Kf1 Kf3 0-1

[Event "World op"]
[Site "Philadelphia USA"]
[Date "2009.07.05"]
[Round "8"]
[White "Korley, Kassa"]
[Black "Hansen, Eric"]
[Result "1-0"]
[WhiteElo "2120"]
[BlackElo "2398"]
[PlyCount "70"]
[GameId "2129405086509430"]
[EventDate "2009.06.29"]
[EventType "swiss"]
[EventRounds "9"]
[EventCountry "USA"]
[SourceTitle "The Week in Chess 765"]
[Source "Mark Crowther"]
[SourceDate "2009.07.06"]
[SourceVersion "1"]
[SourceVersionDate "2009.07.06"]
[SourceQuality "2"]

1. d4 d5 2. Nf3 Nf6 3. c4 c6 4. e3 g6 5. Nc3 Bg7 6. Bd3 O-O 7. O-O Bf5 8. h3 Bxd3 9. Qxd3 Nbd7 10. e4 dxe4 11. Nxe4 Qa5 12. Ng3 Rad8 13. Bd2 Qa6 14. Qe2 Rfe8 15. Bc3 Nf8 16. Rfe1 Ne6 17. b3 b5 18. a4 bxc4 19. Qxc4 Qxc4 20. bxc4 Nd7 21. a5 c5 22. Ne2 cxd4 23. Nfxd4 Nxd4 24. Bxd4 Bxd4 25. Nxd4 Rc8 26. a6 Rxc4 27. Nb5 Rc5 28. Nd6 Ra8 29. Rxe7 Ne5 30. Ne4 Rb5 31. Nf6+ Kg7 32. Ne4 Kf8 33. Rb7 Rb6 34. f4 Nd3 35. Rd1 Nxf4 1-0

[Event "Copper State int"]
[Site "Mesa USA"]
[Date "2009.05.30"]
[Round "3"]
[White "Hansen, Eric"]
[Black "Adelberg, David"]
[Result "1-0"]
[WhiteElo "2398"]
[BlackElo "2158"]
[PlyCount "113"]
[GameId "2129405087284456"]
[EventDate "2009.05.29"]
[EventType "swiss"]
[EventRounds "10"]
[EventCountry "USA"]
[SourceTitle "The Week in Chess 762"]
[Source "Mark Crowther"]
[SourceDate "2009.06.15"]
[SourceVersion "1"]
[SourceVersionDate "2009.06.15"]
[SourceQuality "2"]

1. e4 c5 2. Nf3 d6 3. d4 cxd4 4. Nxd4 Nf6 5. Nc3 a6 6. Be2 e6 7. O-O Be7 8. Kh1 O-O 9. f4 Nc6 10. Bf3 Qc7 11. a4 Re8 12. Be3 Rb8 13. g4 Nd7 14. g5 b6 15. Qe2 Bb7 16. Rad1 Bf8 17. Bg2 Nxd4 18. Bxd4 e5 19. Be3 exf4 20. Bxf4 Nc5 21. Qc4 Rbc8 22. Rfe1 Qb8 23. Qb4 Bc6 24. Bg3 Rcd8 25. b3 Re6 26. Nd5 Rde8 27. h4 Qb7 28. Kh2 a5 29. Qc4 h6 30. Nf4 hxg5 31. Nxe6 gxh4 32. Bxd6 Bxd6+ 33. Rxd6 Rxe6 34. Rxe6 Nxe6 35. Qc3 Nf4 36. Qe5 Ne6 37. Rd1 Qc8 38. Rd6 Qb7 39. Bh3 Bd7 40. c4 Bc8 41. Bxe6 Qe7 42. Rc6 Bd7 43. Qb8+ Kh7 44. Bxd7 Qxd7 45. Rd6 Qg4 46. Rd2 Qxe4 47. Qd6 g6 48. Rf2 Qb7 49. Qf4 Kg8 50. Qxh4 Qd7 51. Qf4 Qe6 52. Qf6 Qd7 53. Qxb6 Qe8 54. Qd6 Qe3 55. Qd8+ Kg7 56. Qf6+ Kh6 57. Qf4+ 1-0

[Event "Copper State int"]
[Site "Mesa USA"]
[Date "2009.05.31"]
[Round "5"]
[White "Hansen, Eric"]
[Black "Izoria, Zviad"]
[Result "0-1"]
[WhiteElo "2398"]
[BlackElo "2619"]
[PlyCount "54"]
[GameId "2129405087284490"]
[EventDate "2009.05.29"]
[EventType "swiss"]
[EventRounds "10"]
[EventCountry "USA"]
[SourceTitle "The Week in Chess 762"]
[Source "Mark Crowther"]
[SourceDate "2009.06.15"]
[SourceVersion "1"]
[SourceVersionDate "2009.06.15"]
[SourceQuality "2"]

1. Nf3 Nf6 2. c4 g6 3. Nc3 Bg7 4. g3 O-O 5. Bg2 d6 6. O-O Nc6 7. Rb1 Bf5 8. d3 Qd7 9. Re1 Bh3 10. Bh1 h6 11. b4 e5 12. b5 Ne7 13. Bd2 g5 14. c5 b6 15. c6 Qg4 16. e4 Qh5 17. d4 Bg4 18. dxe5 dxe5 19. Qe2 Ng6 20. Nd1 a6 21. Ne3 axb5 22. Bb4 Rfd8 23. Nxg4 Qxg4 24. a3 Nf4 25. Qxb5 Nxe4 26. Bg2 Rd5 27. Qc4 Nxg3 0-1

[Event "Copper State int"]
[Site "Mesa USA"]
[Date "2009.06.01"]
[Round "7"]
[White "Pruess, David"]
[Black "Hansen, Eric"]
[Result "0-1"]
[WhiteElo "2400"]
[BlackElo "2398"]
[PlyCount "120"]
[GameId "2129405087284526"]
[EventDate "2009.05.29"]
[EventType "swiss"]
[EventRounds "10"]
[EventCountry "USA"]
[SourceTitle "The Week in Chess 762"]
[Source "Mark Crowther"]
[SourceDate "2009.06.15"]
[SourceVersion "1"]
[SourceVersionDate "2009.06.15"]
[SourceQuality "2"]

1. e4 c5 2. Nf3 d6 3. d4 cxd4 4. Nxd4 Nf6 5. Nc3 Nc6 6. Bg5 e6 7. Qd2 a6 8. O-O-O Bd7 9. f4 b5 10. Bxb5 axb5 11. Ndxb5 Nb4 12. a3 Na2+ 13. Nxa2 Bxb5 14. Nc3 Bc6 15. Qe2 Qa5 16. Rd3 Be7 17. Bxf6 Bxf6 18. Qe3 O-O 19. Nb1 Rfb8 20. b4 Qc7 21. Rhd1 d5 22. e5 Be7 23. Nd2 Ba4 24. Rc3 Qa7 25. Qxa7 Rxa7 26. Nf3 Raa8 27. Nd4 Rc8 28. Rdd3 Bd8 29. Kb2 Bb6 30. Nf3 Kf8 31. g3 Ke7 32. Rxc8 Rxc8 33. Rc3 Rd8 34. Rd3 h6 35. Nd4 Rc8 36. c3 f6 37. Nf3 Rc4 38. Nd2 Rc8 39. Nf3 Ba7 40. Rd2 Rc4 41. Re2 Re4 42. exf6+ gxf6 43. Rd2 Be3 44. Rg2 e5 45. fxe5 fxe5 46. Nd2 Bxd2 47. Rxd2 Ke6 48. Rf2 d4 49. cxd4 exd4 50. Kc1 Re3 51. Rf4 Kd5 52. Rf5+ Ke4 53. Rf4+ Kd3 54. Rf5 Re1+ 55. Kb2 Re2+ 56. Kb1 Ke4 57. Ra5 d3 58. Rxa4 Re1+ 59. Kb2 d2 60. b5+ Ke3 0-1

[Event "Copper State int"]
[Site "Mesa USA"]
[Date "2009.06.02"]
[Round "8"]
[White "Hansen, Eric"]
[Black "Rensch, Daniel"]
[Result "1/2-1/2"]
[WhiteElo "2398"]
[BlackElo "2399"]
[PlyCount "139"]
[GameId "2129405087284535"]
[EventDate "2009.05.29"]
[EventType "swiss"]
[EventRounds "10"]
[EventCountry "USA"]
[SourceTitle "The Week in Chess 762"]
[Source "Mark Crowther"]
[SourceDate "2009.06.15"]
[SourceVersion "1"]
[SourceVersionDate "2009.06.15"]
[SourceQuality "2"]

1. Nf3 Nf6 2. c4 e6 3. Nc3 Bb4 4. Qb3 c5 5. a3 Ba5 6. g3 O-O 7. Bg2 a6 8. d4 cxd4 9. Nxd4 d5 10. cxd5 Nxd5 11. O-O Nxc3 12. bxc3 Qc7 13. c4 Nd7 14. Be3 Nc5 15. Qc2 Bd7 16. Nb3 Nxb3 17. Qxb3 Bc6 18. Bxc6 Qxc6 19. Rab1 Rab8 20. Rfd1 Rfd8 21. Rd3 h6 22. Bf4 Rxd3 23. exd3 Bc7 24. Bxc7 Qxc7 25. Qb6 Qxb6 26. Rxb6 Rd8 27. Rb3 e5 28. Kf1 Rd7 29. Ke2 Kh7 30. Rb6 f6 31. Ke3 Kg6 32. h3 Kf5 33. c5 Rc7 34. c6 Rxc6 35. Rxb7 g6 36. Ra7 h5 37. a4 Rd6 38. a5 Kg5 39. Ke4 h4 40. f4+ Kh6 41. fxe5 hxg3 42. exd6 g2 43. d7 g1=Q 44. d8=Q f5+ 45. Kd5 Qxa7 46. Kc6 Qe3 47. d4 f4 48. d5 f3 49. d6 f2 50. Qf8+ Kh5 51. d7 Qe6+ 52. Kc7 Qc4+ 53. Kb7 Qb5+ 54. Ka8 Qxd7 55. Qf3+ Kh6 56. Qf4+ Kg7 57. Qxf2 Qd8+ 58. Kb7 Qxa5 59. Qd4+ Kf7 60. Qd7+ Kf6 61. Qd6+ Kf5 62. Qd3+ Kg5 63. Qg3+ Kh6 64. Qh4+ Qh5 65. Qf4+ Qg5 66. Qf8+ Kh5 67. Qh8+ Qh6 68. Qe5+ Kh4 69. Qe1+ Kh5 70. Qe2+ 1/2-1/2

[Event "Copper State int"]
[Site "Mesa USA"]
[Date "2009.06.03"]
[Round "10"]
[White "Atoufi, Pedram"]
[Black "Hansen, Eric"]
[Result "1-0"]
[WhiteElo "2306"]
[BlackElo "2398"]
[PlyCount "57"]
[GameId "2129405087284560"]
[EventDate "2009.05.29"]
[EventType "swiss"]
[EventRounds "10"]
[EventCountry "USA"]
[SourceTitle "The Week in Chess 762"]
[Source "Mark Crowther"]
[SourceDate "2009.06.15"]
[SourceVersion "1"]
[SourceVersionDate "2009.06.15"]
[SourceQuality "2"]

1. e4 c5 2. Nf3 e6 3. d4 cxd4 4. Nxd4 a6 5. Nc3 b5 6. Bd3 Qb6 7. Be3 Bc5 8. Be2 Nc6 9. Nxc6 Bxe3 10. fxe3 Qxc6 11. e5 Bb7 12. Bf3 Qc7 13. Bxb7 Qxb7 14. Qg4 Ne7 15. Qxg7 O-O-O 16. Qg5 Nf5 17. O-O-O Rhg8 18. Qf4 Qxg2 19. Qb4 d6 20. Rhe1 dxe5 21. a4 Qb7 22. axb5 axb5 23. Nxb5 Kb8 24. Qa5 Rc8 25. Rd3 Rc5 26. Rb3 Rg2 27. Rd1 Ne7 28. Qd8+ Nc8 29. Nc3 1-0

[Event "Western Class-ch"]
[Site "Agoura Hills USA"]
[Date "2009.01.16"]
[Round "1"]
[White "Von Krogh, Christopher"]
[Black "Hansen, Eric"]
[Result "1-0"]
[WhiteElo "2218"]
[BlackElo "2376"]
[PlyCount "67"]
[GameId "2129405089672286"]
[EventDate "2009.01.16"]
[EventType "swiss"]
[EventRounds "7"]
[EventCountry "USA"]
[SourceTitle "EXT 2013"]
[Source "ChessBase"]
[SourceDate "2012.11.22"]
[SourceVersion "1"]
[SourceVersionDate "2012.11.22"]
[SourceQuality "1"]

1. d4 Nf6 2. c4 e6 3. Nc3 Bb4 4. e3 O-O 5. Bd3 d5 6. Nf3 Nbd7 7. O-O dxc4 8. Bxc4 c5 9. Qe2 cxd4 10. exd4 Nb6 11. Bd3 Bd7 12. Ne5 Bc6 13. Bg5 Be7 14. Rfe1 Rc8 15. Rad1 Nbd5 16. Bb1 Qa5 17. Qd3 g6 18. Qh3 Nxc3 19. bxc3 Nd5 20. Bd2 Ba4 21. c4 Bb4 22. Bxb4 Nxb4 23. Rc1 Nc6 24. Nd7 Rfd8 25. Nc5 Nxd4 26. Nxb7 Qd2 27. Nxd8 Ne2+ 28. Kf1 Nxc1 29. Nxf7 Rf8 30. Nh6+ Kg7 31. Ng4 Nxa2 32. Bxa2 Qxa2 33. Qc3+ Kf7 34. Qf6+ 1-0

[Event "Western Class-ch"]
[Site "Agoura Hills USA"]
[Date "2009.01.17"]
[Round "2"]
[White "Hansen, Eric"]
[Black "Kudryavtsev, Vadim"]
[Result "1-0"]
[WhiteElo "2376"]
[BlackElo "2173"]
[PlyCount "81"]
[GameId "2129405089672288"]
[EventDate "2009.01.16"]
[EventType "swiss"]
[EventRounds "7"]
[EventCountry "USA"]
[SourceTitle "EXT 2013"]
[Source "ChessBase"]
[SourceDate "2012.11.22"]
[SourceVersion "1"]
[SourceVersionDate "2012.11.22"]
[SourceQuality "1"]

1. e4 c6 2. d4 d5 3. Nc3 dxe4 4. Nxe4 Bf5 5. Ng3 Bg6 6. h4 h6 7. Nf3 Nd7 8. h5 Bh7 9. Bd3 Bxd3 10. Qxd3 Qc7 11. Bd2 e6 12. O-O-O Ngf6 13. c4 O-O-O 14. Bc3 Qf4+ 15. Kb1 Nc5 16. Qc2 Nce4 17. Nxe4 Nxe4 18. Ba5 Nxf2 19. Qxf2 Qf5+ 20. Ka1 Qxa5 21. Ne5 Bb4 22. Qxf7 Rhe8 23. c5 Bc3 24. Nc4 Qb4 25. Nd6+ Kb8 26. Qf2 Rf8 27. bxc3 Qxc3+ 28. Qb2 Qxb2+ 29. Kxb2 Rf2+ 30. Kc3 Rxa2 31. Rd2 Ra3+ 32. Kb2 Rg3 33. Re1 b6 34. Rxe6 bxc5 35. Ne4 Rg4 36. Nxc5 Rg5 37. Kc3 Rxh5 38. Re7 Rg5 39. Rb2+ Kc8 40. Rxa7 Rg3+ 41. Kc4 1-0

[Event "Western Class-ch"]
[Site "Agoura Hills USA"]
[Date "2009.01.18"]
[Round "4"]
[White "Hansen, Eric"]
[Black "Manukyan, Garush"]
[Result "1/2-1/2"]
[WhiteElo "2376"]
[BlackElo "2320"]
[PlyCount "59"]
[GameId "2129405089672293"]
[EventDate "2009.01.16"]
[EventType "swiss"]
[EventRounds "7"]
[EventCountry "USA"]
[SourceTitle "EXT 2013"]
[Source "ChessBase"]
[SourceDate "2012.11.22"]
[SourceVersion "1"]
[SourceVersionDate "2012.11.22"]
[SourceQuality "1"]

1. e4 c6 2. d4 d5 3. Nc3 dxe4 4. Nxe4 Bf5 5. Ng3 Bg6 6. h4 h6 7. Nf3 Nd7 8. h5 Bh7 9. Bd3 Bxd3 10. Qxd3 Qc7 11. Bd2 e6 12. O-O-O O-O-O 13. c4 Ngf6 14. Bc3 c5 15. Kb1 Bd6 16. Ne4 Nxe4 17. Qxe4 Nf6 18. Qe2 Qc6 19. d5 Qd7 20. Qc2 Rhe8 21. Ne5 Qe7 22. f4 exd5 23. cxd5 Bxe5 24. Bxe5 Nxd5 25. Qf5+ Qe6 26. Qxe6+ Rxe6 27. Bxg7 Ne3 28. Rxd8+ Kxd8 29. Re1 Kd7 30. Bxh6 1/2-1/2

[Event "Western Class-ch"]
[Site "Agoura Hills USA"]
[Date "2009.01.19"]
[Round "7"]
[White "Hansen, Eric"]
[Black "Khachiyan, Melikset"]
[Result "0-1"]
[WhiteElo "2376"]
[BlackElo "2519"]
[PlyCount "76"]
[GameId "2129405089672303"]
[EventDate "2009.01.16"]
[EventType "swiss"]
[EventRounds "7"]
[EventCountry "USA"]
[SourceTitle "EXT 2013"]
[Source "ChessBase"]
[SourceDate "2012.11.22"]
[SourceVersion "1"]
[SourceVersionDate "2012.11.22"]
[SourceQuality "1"]

1. e4 d6 2. d4 Nf6 3. Nc3 e5 4. Nf3 Nbd7 5. Bc4 Be7 6. O-O O-O 7. h3 c6 8. Bb3 b5 9. a3 Bb7 10. Re1 a6 11. dxe5 dxe5 12. Qe2 Qc7 13. Bg5 h6 14. Bh4 Nc5 15. Bg3 Bd6 16. Rad1 Rfe8 17. Nh4 Bf8 18. Qf3 a5 19. Ba2 b4 20. Nb1 Ncxe4 21. Rxe4 c5 22. Rde1 Rad8 23. Nf5 Nxe4 24. Rxe4 Bxe4 25. Qxe4 c4 26. Ne3 Rd4 27. Qf3 Qc8 28. Kh2 Qe6 29. c3 b3 30. Bxb3 cxb3 31. cxd4 exd4 32. Nf1 Qe2 33. Nbd2 Qxf3 34. Nxf3 Re2 35. N1d2 a4 36. Kg1 Bc5 37. Kf1 d3 38. h4 g5 0-1

[Event "North American op"]
[Site "Las Vegas USA"]
[Date "2008.12.26"]
[Round "1.16"]
[White "Heung, Christopher"]
[Black "Hansen, Eric"]
[Result "0-1"]
[WhiteElo "2123"]
[BlackElo "2345"]
[PlyCount "136"]
[GameId "2129405090256474"]
[EventDate "2008.12.26"]
[EventType "swiss"]
[EventRounds "7"]
[EventCountry "USA"]

1. e4 c5 2. Nf3 d6 3. d4 cxd4 4. Nxd4 Nf6 5. Nc3 Bd7 6. Be2 Nc6 7. Be3 a6 8. O-O e6 9. f4 Be7 10. Qe1 O-O 11. Qg3 Nxd4 12. Bxd4 Bc6 13. Bd3 g6 14. Rae1 Nd7 15. Qg4 Bf6 16. Bxf6 Nxf6 17. Qg5 Nd7 18. Qg3 Qb6+ 19. Kh1 Qxb2 20. Nd1 Qd4 21. Qh4 Nc5 22. Rf3 Bxe4 23. Rh3 h5 24. Nf2 Bf5 25. g4 Bxd3 26. cxd3 Qxf4 27. gxh5 Qxh4 28. Rxh4 Kg7 29. d4 Nd7 30. hxg6 fxg6 31. Ne4 Rf5 32. Nxd6 Rd5 33. Rxe6 Nf8 34. Ne8+ Kf7 35. Nc7 Rd7 36. Rf4+ Kg8 37. Nxa8 Nxe6 38. Rf6 Nf8 39. Rf4 Kg7 40. Nb6 Rc7 41. a4 Nd7 42. Nxd7 Rxd7 43. Kg2 Rd5 44. Kf3 Ra5 45. d5 Rxd5 46. Rb4 b5 47. axb5 axb5 48. Rb2 Kf6 49. Ke4 Rf5 50. Kd4 Kg5 51. Ke3 Kh4 52. Rg2 g5 53. Ke4 Rf4+ 54. Ke5 b4 55. Rg3 Rc4 56. Rb3 Rf4 57. Rg3 Rf2 58. Rb3 Rxh2 59. Rxb4+ g4 60. Rf4 Kh3 61. Rf1 g3 62. Ke4 Rf2 63. Rh1+ Kg2 64. Rh5 Kg1 65. Ke3 g2 66. Ra5 Rf7 67. Ke2 Rh7 68. Kf3 Kh1 0-1

[Event "North American op"]
[Site "Las Vegas USA"]
[Date "2008.12.28"]
[Round "4.11"]
[White "Hansen, Eric"]
[Black "Kudryavtsev, Vadim"]
[Result "1-0"]
[WhiteElo "2345"]
[BlackElo "2185"]
[PlyCount "105"]
[GameId "2129405090256507"]
[EventDate "2008.12.26"]
[EventType "swiss"]
[EventRounds "7"]
[EventCountry "USA"]

1. e4 c6 2. d4 d5 3. Nc3 dxe4 4. Nxe4 Bf5 5. Ng3 Bg6 6. h4 h6 7. Nf3 Nd7 8. h5 Bh7 9. Bd3 Bxd3 10. Qxd3 Ngf6 11. Bd2 Qc7 12. O-O-O e6 13. Kb1 O-O-O 14. c4 c5 15. Bc3 Bd6 16. Ne4 Nxe4 17. Qxe4 Nf6 18. Qe2 b6 19. d5 exd5 20. Bxf6 gxf6 21. Rxd5 Rhe8 22. Qd3 Re6 23. Rd1 Be7 24. Nh4 Re5 25. Nf5 Rdxd5 26. cxd5 Bf8 27. f4 Re8 28. g3 Qd7 29. g4 Qa4 30. d6 Kd7 31. Ne7 Bxe7 32. dxe7+ Kc7 33. Qd6+ Kb7 34. Qd7+ Qxd7 35. Rxd7+ Kc6 36. Rxa7 Kd5 37. Kc2 Ke4 38. Kc3 Kxf4 39. Kc4 Kxg4 40. Kd5 f5 41. Kd6 f4 42. Kd7 Rg8 43. e8=Q Rxe8 44. Kxe8 f5 45. Rg7+ Kxh5 46. Kd7 Kh4 47. Kc6 f3 48. Rg1 f2 49. Ra1 Kg3 50. Kxb6 Kg2 51. a4 f1=Q 52. Rxf1 Kxf1 53. a5 1-0